Mussanje (Record no. 134666)

MARC details
000 -LEADER
fixed length control field 00608nam a2200217Ia 4500
003 - CONTROL NUMBER IDENTIFIER
control field OSt
005 - DATE AND TIME OF LATEST TRANSACTION
control field 20251117105942.0
008 - FIXED-LENGTH DATA ELEMENTS--GENERAL INFORMATION
fixed length control field 210210b2008 xxu||||| |||| 00| 0 eng d
040 ## - CATALOGING SOURCE
Transcribing agency AL
041 ## - LANGUAGE CODE
Language code of text/sound track or separate title Kannada
082 ## - DEWEY DECIMAL CLASSIFICATION NUMBER
Classification number K894.3 SHAM
100 ## - MAIN ENTRY--PERSONAL NAME
Personal name SHASHIDHARA VISHWAMITRA
Dates associated with a name ಶಶಿಧರ ವಿಶ್ವಾಮಿತ್ರ
9 (RLIN) 245848
245 ## - TITLE STATEMENT
Title Mussanje
Remainder of title ಮುಸ್ಸಂಜೆ
260 ## - PUBLICATION, DISTRIBUTION, ETC.
Place of publication, distribution, etc. Bengaluru
Name of publisher, distributor, etc. Bhagyalakshmi Prakashana
Date of publication, distribution, etc. 2008
300 ## - PHYSICAL DESCRIPTION
Extent 208
650 ## - SUBJECT ADDED ENTRY--TOPICAL TERM
Topical term or geographic name entry element Mussanje
9 (RLIN) 245849
650 ## - SUBJECT ADDED ENTRY--TOPICAL TERM
Topical term or geographic name entry element Kadambari
9 (RLIN) 245850
690 ## - LOCAL SUBJECT ADDED ENTRY--TOPICAL TERM (OCLC, RLIN)
Topical term or geographic name as entry element Kannada Fiction
9 (RLIN) 245851
906 ## - LOCAL DATA ELEMENT F, LDF (RLIN)
a 063173
942 ## - ADDED ENTRY ELEMENTS (KOHA)
Source of classification or shelving scheme Dewey Decimal Classification
Koha item type Book
Holdings
Withdrawn status Lost status Source of classification or shelving scheme Damaged status Not for loan Collection code Home library Current library Shelving location Date acquired Source of acquisition Cost, normal purchase price Total Checkouts Full call number Barcode Date last seen Price effective from Koha item type
    Dewey Decimal Classification     Kannada St Aloysius Library St Aloysius Library   02/17/2021 Athree book centre 100.00   K894.3 SHAM 063173 02/17/2021 02/17/2021 Book